Distributed operating systems : concepts and design (Record no. 181318)

MARC details
000 -LEADER
fixed length control field 00411nam a2200157Ia 4500
005 - DATE AND TIME OF LATEST TRANSACTION
control field 20241214123542.0
008 - FIXED-LENGTH DATA ELEMENTS--GENERAL INFORMATION
fixed length control field 231217s9999 xx 000 0 und d
020 ## - INTERNATIONAL STANDARD BOOK NUMBER
International Standard Book Number 9788120313804
082 ## - DEWEY DECIMAL CLASSIFICATION NUMBER
Classification number 001.642 SIN;29
100 ## - MAIN ENTRY--PERSONAL NAME
Personal name Sinha, Pradeep K.
245 #0 - TITLE STATEMENT
Title Distributed operating systems : concepts and design
260 ## - PUBLICATION, DISTRIBUTION, ETC. (IMPRINT)
Date of publication, distribution, etc. 2007
Name of publisher, distributor, etc. P H I
Place of publication, distribution, etc. New Delhi
300 ## - PHYSICAL DESCRIPTION
Extent xix+743
650 ## - SUBJECT ADDED ENTRY--TOPICAL TERM
Topical term or geographic name as entry element operating
942 ## - ADDED ENTRY ELEMENTS (KOHA)
Koha item type Books
Holdings
Date last seen Total Checkouts Full call number Accession number Old discount Cost, replacement price Price effective from Category Lost status Damaged status Department Withdrawn status bill no. bill date Permanent Location Current Location Shelving location Entry date Vendor Cost, normal purchase price Grants Currency symbol Conversion rate Discount Discount type
26/01/2024   001.642 SIN;29 50529 25 262.50 26/01/2024 Books     Central Library   50263 03/09/2011 Central Library Central Library Central Library 06/10/2008 Book Paradise 350.00 IS RS 1 87.5 Rupees
26/01/2024   001.642 SIN;30 50530 25 262.50 26/01/2024 Books     Central Library   50263 03/09/2011 Central Library Central Library Central Library 06/10/2008 Book Paradise 350.00 IS RS 1 87.5 Rupees
26/01/2024   001.642 SIN;31 50531 25 262.50 26/01/2024 Books     Central Library   50263 03/09/2011 Central Library Central Library Central Library 06/10/2008 Book Paradise 350.00 IS RS 1 87.5 Rupees
26/01/2024   001.642 SIN;32 50532 25 262.50 26/01/2024 Books     Central Library   50263 19/09/2011 Central Library Central Library Central Library 06/10/2008 Book Paradise 350.00 IS RS 1 87.5 Rupees
26/01/2024   001.642 SIN;33 50533 25 262.50 26/01/2024 Books     Central Library   50263 19/09/2011 Central Library Central Library Central Library 06/10/2008 Book Paradise 350.00 IS RS 1 87.5 Rupees

© For any Suggestions or Query, please contact the library staff @ librarian@pes.edu or Phone: +9180 2672 1983/ 2108.